000 00451nam a2200181Ia 4500
003 GCL
008 140319s9999 xx 000 0 ara d
040 _aGCL /
_cGCL
082 0 4 _a201.16
_bم ع
100 1 _aمحمد قطب
245 1 0 _aالعلمانيون والاسلام /
_cمحمد قطب
300 _a100 ص
490 _a
650 0 4 _aالاسلام
650 0 4 _aالديانات
650 0 4 _aالعلمانية
942 _2ddc
_cBK
999 _c45051
_d45051